| 000 | 00000nam##2200000za#4500 |
| 001 | 9.643535 |
| 003 | CaOODSP |
| 005 | 20210624224219 |
| 007 | cr ||||||||||| |
| 008 | 150407|2002||||xxc|||||o f|0| 0 fre|d |
| 040 | |aCaOODSP|bfre |
| 043 | |an-cn--- |
| 086 | 1 |aR74-10/2002F-PDF |
| 110 | 1 |aCanada.|bAffaires indiennes et du Nord. |bDivision des ressources hydriques. |
| 245 | 10|aAperçu hydrologique dans la région du Deh Cho - T.N.-O. / |h[ressource électronique]|c[par] Derek A. Faria. |
| 260 | |aYellowknife - Territoires du Nord-Ouest : |bAffaires indiennes et du Nord. |cAoût 2002. |
| 300 | |a45p.|bgraphiques, cartes, références, tableaux |
| 590 | |a15-02-Supp|b2015-02-16 |
| 691 | 07|aHydrologie|2gcpds |
| 775 | 08|tOverview of the hydrology in the Deh Cho Region - NWT / |w(CaOODSP)9.699494 |
| 856 | 40|ahttp://publications.gc.ca|qPDF|s1.08 Mo|uhttps://publications.gc.ca/collections/collection_2014/aadnc-aandc/R74-10-2002-fra.pdf |